...और रश्मि झिलमिला उठी/ (Record no. 9723)

MARC details
000 -LEADER
fixed length control field 01263 a2200241 4500
010 ## - LIBRARY OF CONGRESS CONTROL NUMBER
LC control number HIN-82149
020 ## - INTERNATIONAL STANDARD BOOK NUMBER
International Standard Book Number 9788189917241
Terms of availability 150.00
035 ## - SYSTEM CONTROL NUMBER
System control number HN-54495
037 ## - SOURCE OF ACQUISITION
Source of stock number/acquisition पु.प्र.अ.प्र/प्रका
082 14 - DEWEY DECIMAL CLASSIFICATION NUMBER
Classification number 822
090 ## - LOCALLY ASSIGNED LC-TYPE CALL NUMBER (OCLC); LOCAL CALL NUMBER (OCLC)
-- 9910
-- 9910
100 1# - MAIN ENTRY--PERSONAL NAME
Personal name अग्रवाल, उर्मिला
245 1# - TITLE STATEMENT
Title ...और रश्मि झिलमिला उठी/
Statement of responsibility, etc उर्मिला अग्रवाल
246 ## - VARYING FORM OF TITLE
Title proper/short title Rashim jhilmila Uthee
Remainder of title byUrmila Agarwal
260 ## - PUBLICATION, DISTRIBUTION, ETC. (IMPRINT)
Place of publication, distribution, etc नई दिल्ली
Name of publisher, distributor, etc विश्वभारती पब्लिकेशन्स
Date of publication, distribution, etc 2007
270 ## - ADDRESS
Address 4378/4 बी अंसारी रोड, दरियागंज
City नई दिल्ली
Postal code 110002
Telephone number 23285119
300 ## - PHYSICAL DESCRIPTION
Extent 46पृ. ; 64पृ.
Dimensions 22 सेमी (सजिल्द)
500 ## - GENERAL NOTE
General note इस पुस्तक में . 'और रश्मि झिलमिला उठी ' नाटक के साथ 'रिशते 'नाटक भी सम्मिलित है ।
650 ## - SUBJECT ADDED ENTRY--TOPICAL TERM
Topical term or geographic name as entry element हिन्दी नाटक
650 ## - SUBJECT ADDED ENTRY--TOPICAL TERM
Topical term or geographic name as entry element Hindi Play
942 ## - ADDED ENTRY ELEMENTS (KOHA)
Institution code [OBSOLETE] dpl
Koha item type Hindi Books
Call number prefix 822 / अग्रवा
Holdings
Withdrawn status Lost status Source of classification or shelving scheme Damaged status Not for loan Collection code Home library Current library Cost, normal purchase price Total Checkouts Full call number Barcode Date last seen Copy number Uniform Resource Identifier Cost, replacement price Price effective from Koha item type
    Dewey Decimal Classification   Not For Loan Non-fiction D.B.Act.Division D.B.Act.Division 150.00   822 अग्रवा HN-54495 15/09/2008 1 10720 150.00 15/09/2008 Hindi Books

© Delhi Public Library
Hit Counter
free hit counter